Les étoiles en images (2) - Statistiques

Statistiques générales
  • Ce quiz a été pris 22 fois
  • Le résultat moyen est 16 sur 30
Statistiques - réponses
Par images Hint Réponse % Correct
Nature // M Etoile de {mer}
100%
Symbole de niveau // S Etoile de {ski}
100%
Drapeau de pays // E Ethiopie
95%
Drapeau de pays // H Honduras
95%
Religion // D Etoile de {David}
90%
Astronomie // J Etoile naine {jaune}
86%
Astronomie // R Etoile naine {rouge}
86%
Drapeau de pays // G Ghana
86%
Spectacle // F D A {Feu d'artifice} en étoile
81%
Expression // C Etoile du {cinéma}
76%
Astronomie // B Etoile naine {bleue}
76%
Art // O Etoile de l {opéra}
71%
Sport // B Etoile rouge de {Belgrade}
67%
Religion // J Etoile {jaune}
62%
Drapeau de pays // G Grenade
62%
Politique / R Etoile {rouge}
57%
Drapeau de pays // G Guinée Bissau
57%
Astronomie // F Etoile filante
52%
Lieu // W O F Etoile du {Walk of fame}
48%
Métier // B Etoile des {Brasseurs}
33%
Religion // B Etoile de {Bethléem}
29%
Train // F Etoile {ferroviaire}
29%
Astronomie // N B Etoile {naine blanche}
24%
NATURE // A Etoile d {argent}
19%
Astronomie // M Etoile du {matin}
19%
Cheval // T Etoile en {tête}
14%
Mathématiques // M Etoile {magique}
10%
Roman // G Etoiles, {garde-à-vous} !
10%
Mathématiques // G {Graphe} en étoile
10%
Expression // V P M Faire {voir} des étoiles en {plein midi}
0%
Aucun quiz correspondant
Distribution des résultats
% des personnes avec chaque résultat
Percentile par nombre de réponses
Votre historique - résultats
Vous n’avez pas pris ce quiz